[Event "SK Münster 1 - SV Wattenscheid 1"]
[Site "Oberliga NRW 2015/2016"]
[Date "2015.12.20"]
[Round "4.3"]
[White "Peelen, Piet"]
[Black "Kamp, Christoph"]
[Result "1-0"]
[WhiteElo "2309"]
[BlackElo "2172"]
[PlyCount "109"]
[EventDate "2015.??.??"]
[WhiteTeam "SV Wattenscheid 1"]
[BlackTeam "SK Münster 1"]

1. d4 d5 2. c4 c6 3. Nf3 e6 4. Qc2 dxc4 5. Qxc4 Nf6 6. Bg5 b5 7. Qc2 Bb7 8.
Nbd2 Nbd7 9. e4 h6 10. Bxf6 Nxf6 11. Bd3 Bb4 12. O-O O-O 13. Nb3 Nd7 14. Rfd1
Qb6 15. Rac1 Rac8 16. Nc5 Qc7 17. Nxd7 Qxd7 18. a3 Bd6 19. b4 a5 20. Qc3 axb4
21. axb4 Qe7 22. Rb1 Rfe8 23. Bc2 Ra8 24. e5 Bc7 25. Nd2 Red8 26. Ne4 Bb6 27.
Rd2 Ra7 28. Rbd1 Ba8 29. Nc5 Kh8 30. g3 g6 31. h4 Kg7 32. Ne4 Ra2 33. Nf6 Qa7
34. h5 Ra3 35. Qb2 Ra2 36. Qc3 Ra3 37. Bb3 g5 38. Qc2 Rh8 39. Kh2 Bd8 40. Ne4
Be7 41. Nc5 Rh7 42. Bxe6 Kh8 43. Ba2 Rg7 44. Bb1 Qc7 45. Rd3 Ra7 46. Rf3 Qc8
47. Rf6 Qg4 48. Rxh6+ Kg8 49. Rh7 Bf8 50. Rxg7+ Bxg7 51. Qh7+ Kf8 52. Rd2 Ra1
53. Kg2 Ra3 54. h6 Qf3+ 55. Kg1 1-0

[Event "SK Münster 1 - SV Wattenscheid 1"]
[Site "Oberliga NRW 2015/2016"]
[Date "2015.12.20"]
[Round "4.4"]
[White "Rott, Georg"]
[Black "Lai, Hing Ting"]
[Result "0-1"]
[WhiteElo "2108"]
[BlackElo "2309"]
[PlyCount "116"]
[EventDate "2015.??.??"]
[WhiteTeam "SK Münster 1"]
[BlackTeam "SV Wattenscheid 1"]

1. e4 g6 2. d4 Bg7 3. Nc3 d6 4. f4 a6 5. Nf3 b5 6. a3 Nd7 7. Be3 Bb7 8. Bd3
Ngf6 9. e5 Nd5 10. Nxd5 Bxd5 11. O-O O-O 12. c3 Qc8 13. Qe1 f6 14. exd6 exd6
15. f5 g5 16. Qg3 Qb7 17. Rae1 Bc4 18. Bxc4+ bxc4 19. Bc1 Rf7 20. Rf2 Qd5 21.
Bxg5 fxg5 22. Nxg5 Nf6 23. Nxf7 Qxf7 24. Rfe2 Nd5 25. Qf3 Rf8 26. g4 h6 27. Re6
Nf6 28. h4 Qd7 29. g5 hxg5 30. hxg5 Nh7 31. Qg4 Qb5 32. g6 Nf6 33. Qh3 Re8 34.
Qf1 Rf8 35. Qh3 Re8 36. Qf3 Rf8 37. Re7 c5 38. Qh3 Re8 39. R1e6 Rxe7 40. Rxe7
cxd4 41. cxd4 Qxb2 42. Rf7 Qxd4+ 43. Kf1 Qd1+ 44. Kg2 Qe2+ 45. Kg1 Nh5 46. Qh4
Bf6 47. Rxf6 Qd1+ 48. Kf2 Qd2+ 49. Kf3 Qc3+ 50. Kg4 Nxf6+ 51. Kg5 d5 52. Qh2
Qd2+ 53. Qxd2 Ne4+ 54. Kf4 Nxd2 55. f6 c3 56. f7+ Kg7 57. Ke3 Nc4+ 58. Kd3 d4
0-1

[Event "SK Münster 1 - SV Wattenscheid 1"]
[Site "Oberliga NRW 2015/2016"]
[Date "2015.12.20"]
[Round "4.5"]
[White "Franke, Johannes"]
[Black "Neuer, Thomas"]
[Result "1-0"]
[WhiteElo "2257"]
[BlackElo "2060"]
[PlyCount "51"]
[EventDate "2015.??.??"]
[WhiteTeam "SV Wattenscheid 1"]
[BlackTeam "SK Münster 1"]

1. e4 e6 2. d3 d5 3. Nd2 Nf6 4. e5 Nfd7 5. f4 c5 6. Ngf3 Nc6 7. g3 f6 8. exf6
Qxf6 9. Bg2 Bd6 10. O-O O-O 11. c3 a5 12. Qe2 Nb6 13. Ne5 Nxe5 14. fxe5 Qxe5
15. Rxf8+ Kxf8 16. Ne4 dxe4 17. Bf4 exd3 18. Qf2 Qf5 19. Bh3 Qf6 20. Bxd6+ Ke8
21. Qxc5 d2 22. Qxb6 Ra6 23. Qb5+ Bd7 24. Qh5+ g6 25. Qe5 Qxe5 26. Bxe5 1-0

[Event "SK Münster 1 - SV Wattenscheid 1"]
[Site "Oberliga NRW 2015/2016"]
[Date "2015.12.20"]
[Round "4.6"]
[White "Kammers, Heribert"]
[Black "Hirsch, Stefan"]
[Result "1-0"]
[WhiteElo "2043"]
[BlackElo "2193"]
[PlyCount "47"]
[EventDate "2015.??.??"]
[WhiteTeam "SK Münster 1"]
[BlackTeam "SV Wattenscheid 1"]

1. Nf3 Nf6 2. b3 d6 3. d4 g6 4. Bb2 Bg7 5. g3 O-O 6. Bg2 a5 7. O-O Nc6 8. c4 a4
9. Nbd2 e5 10. dxe5 Nd7 11. Qc1 dxe5 12. Ne4 Nd4 13. Nxd4 exd4 14. c5 axb3 15.
axb3 Rxa1 16. Bxa1 f5 17. Ng5 Qe7 18. Qc4+ Kh8 19. f4 Qe3+ 20. Kh1 h6 21. Rf3
Qe7 22. Ne6 Ne5 23. Nxf8 Qxf8 24. fxe5 1-0

[Event "SK Münster 1 - SV Wattenscheid 1"]
[Site "Oberliga NRW 2015/2016"]
[Date "2015.12.20"]
[Round "4.7"]
[White "Kaehmann, Joerg"]
[Black "Mueschenich, Stefan"]
[Result "1/2-1/2"]
[WhiteElo "2181"]
[BlackElo "2082"]
[PlyCount "30"]
[EventDate "2015.??.??"]
[WhiteTeam "SV Wattenscheid 1"]
[BlackTeam "SK Münster 1"]

1. d4 c5 2. d5 Nf6 3. g3 g6 4. Bg2 Bg7 5. Nf3 O-O 6. O-O d6 7. Nc3 a6 8. a4 e6
9. e4 exd5 10. exd5 Bg4 11. Bg5 Nbd7 12. Qd2 Bxf3 13. Bxf3 Re8 14. Qf4 Qb6 15.
Rfb1 Re5 1/2-1/2

[Event "SK Münster 1 - SV Wattenscheid 1"]
[Site "Oberliga NRW 2015/2016"]
[Date "2015.12.20"]
[Round "4.8"]
[White "Virnyi, Julius"]
[Black "Schroeder, Wilfried"]
[Result "1/2-1/2"]
[WhiteElo "2087"]
[BlackElo "2104"]
[PlyCount "74"]
[EventDate "2015.??.??"]
[WhiteTeam "SK Münster 1"]
[BlackTeam "SV Wattenscheid 1"]

1. d4 d5 2. c4 e6 3. g3 c6 4. Nf3 dxc4 5. Bg2 b5 6. O-O Bb7 7. Ne5 Nf6 8. a4 a6
9. Nc3 Qb6 10. e4 Bb4 11. f4 Nbd7 12. Nxf7 Kxf7 13. e5 Bxc3 14. bxc3 c5 15.
exf6 Nxf6 16. f5 Bxg2 17. Kxg2 Rhe8 18. fxe6+ Qxe6 19. axb5 cxd4 20. Qxd4 Rad8
21. Rxa6 Qxa6 22. bxa6 Rxd4 23. cxd4 Ra8 24. Bg5 Rxa6 25. Bxf6 Ra2+ 26. Kf3
gxf6 27. Rc1 Ke6 28. Rxc4 Kd5 29. Rc5+ Kxd4 30. Rh5 Ra7 31. Kf4 Rf7 32. g4 Ra7
33. h4 Rg7 34. Rh6 Rf7 35. Rh5 Rg7 36. Ra5 Re7 37. Rh5 Rg7 1/2-1/2

[Event "Düsseldorfer SK 1 - Oberhausener SV 1"]
[Site "Oberliga NRW 2015/2016"]
[Date "2015.12.20"]
[Round "4.1"]
[White "Hort, Vlastimil"]
[Black "Coenen, Michael"]
[Result "1/2-1/2"]
[WhiteElo "2387"]
[BlackElo "2382"]
[Annotator "Hausrath,Daniel"]
[PlyCount "77"]
[EventDate "2015.??.??"]
[WhiteTeam "Oberhausener SV 1"]
[BlackTeam "Düsseldorfer SK 1"]

1. d4 Nf6 2. c4 e6 3. Nf3 b6 4. g3 Ba6 5. b3 Bb4+ 6. Bd2 Be7 7. Bg2 c6 8. Bf4
d5 9. Nbd2 Bb7 10. O-O O-O 11. Ne5 Nbd7 12. e4 Nxe5 13. Bxe5 Nd7 14. Bf4 Bf6
15. e5 Be7 16. Qg4 Re8 17. h4 Kh8 18. Rfe1 Nf8 19. Nf3 Qd7 20. Rad1 a5 21. Ng5
Bb4 $11 22. Re3 h6 23. Qh5 Kg8 24. Nh3 Ng6 25. Qg4 Kh8 26. Rf3 c5 27. dxc5 d4
28. cxb6 Bxf3 29. Bxf3 Rab8 30. b7 Red8 31. Rd3 Qc7 32. Qh5 Bf8 33. Kg2 Kg8 34.
Be4 Ne7 35. Qf3 Ng6 36. Qe2 Ne7 37. Qf3 Ng6 38. Qe2 Ne7 39. Qf3 1/2-1/2

[Event "Düsseldorfer SK 1 - Oberhausener SV 1"]
[Site "Oberliga NRW 2015/2016"]
[Date "2015.12.20"]
[Round "4.2"]
[White "Stark, Lars"]
[Black "Becker, Marcel"]
[Result "1-0"]
[WhiteElo "2367"]
[BlackElo "2321"]
[PlyCount "73"]
[EventDate "2015.??.??"]
[WhiteTeam "Düsseldorfer SK 1"]
[BlackTeam "Oberhausener SV 1"]

1. c4 c6 2. Nf3 d5 3. g3 Nf6 4. Bg2 dxc4 5. O-O Nbd7 6. Na3 Nb6 7. Qc2 Qd5 8.
b3 cxb3 9. axb3 Be6 10. Nc4 Nxc4 11. bxc4 Qxc4 12. Qb1 Qb5 13. Bb2 Bd7 14. Bxf6
exf6 15. Qe4+ Be7 16. Rfb1 Bf5 17. Rxb5 Bxe4 18. Rxb7 Bc5 19. d4 Bd6 20. Raxa7
Rxa7 21. Rxa7 O-O 22. Nd2 Bxg2 23. Kxg2 Rd8 24. Nb3 Bf8 25. Rc7 f5 26. Rxc6 g6
27. Rc7 Bd6 28. Rb7 f4 29. g4 Bf8 30. Kf3 Bg7 31. Rb4 Bf8 32. Rb5 Bg7 33. d5
Be5 34. Na5 Rc8 35. Nc6 Bd6 36. Rb7 Re8 37. Rd7 1-0

[Event "Düsseldorfer SK 1 - Oberhausener SV 1"]
[Site "Oberliga NRW 2015/2016"]
[Date "2015.12.20"]
[Round "4.3"]
[White "Kaufeld, Juergen"]
[Black "de Gleria, Francesco"]
[Result "0-1"]
[WhiteElo "2244"]
[BlackElo "2346"]
[PlyCount "82"]
[EventDate "2015.??.??"]
[WhiteTeam "Oberhausener SV 1"]
[BlackTeam "Düsseldorfer SK 1"]

1. Nf3 g6 2. d4 Bg7 3. g3 d5 4. Bg2 Nf6 5. O-O O-O 6. c4 c6 7. Nbd2 Bf5 8. b3
Ne4 9. Bb2 Qa5 10. Qc1 Nd7 11. Rd1 Bh6 12. e3 Rac8 13. a3 Rfe8 14. h3 Ndf6 15.
g4 Be6 16. Ne5 c5 17. Nxe4 Nxe4 18. Bxe4 cxd4 19. Bd3 dxc4 20. Nxc4 Qg5 21. Qd2
b5 22. Na5 Qh4 23. Bxd4 Qxh3 24. f4 Bd5 25. e4 Qxg4+ 26. Qg2 Qxf4 27. Rf1 Qc7
28. exd5 e5 29. dxe6 Rxe6 30. b4 Rd8 31. Nb3 Rxd4 32. Nxd4 Be3+ 33. Kh1 Bxd4
34. Rae1 Be3 35. Rf3 Qe7 36. Qh3 Qb7 37. Bf1 Re5 38. Qg4 Rg5 39. Qh3 Rg1+ 40.
Kh2 Qc7+ 41. Rg3 Rxg3 0-1

[Event "Düsseldorfer SK 1 - Oberhausener SV 1"]
[Site "Oberliga NRW 2015/2016"]
[Date "2015.12.20"]
[Round "4.4"]
[White "Hainke, Guntram"]
[Black "Litwak, Aleksej"]
[Result "1/2-1/2"]
[WhiteElo "2305"]
[BlackElo "2270"]
[PlyCount "28"]
[EventDate "2015.??.??"]
[WhiteTeam "Düsseldorfer SK 1"]
[BlackTeam "Oberhausener SV 1"]

1. d4 Nf6 2. c4 e6 3. Nc3 Bb4 4. e3 O-O 5. Nge2 d5 6. a3 Bd6 7. Ng3 c5 8. dxc5
Bxc5 9. b4 Bd6 10. Bb2 Nc6 11. cxd5 exd5 12. Be2 Be6 13. Nb5 Bb8 14. O-O Ne5
1/2-1/2

[Event "Düsseldorfer SK 1 - Oberhausener SV 1"]
[Site "Oberliga NRW 2015/2016"]
[Date "2015.12.20"]
[Round "4.5"]
[White "Kummerow, Heiko"]
[Black "Schuh, Dirk"]
[Result "0-1"]
[WhiteElo "2217"]
[BlackElo "2323"]
[PlyCount "120"]
[EventDate "2015.??.??"]
[WhiteTeam "Oberhausener SV 1"]
[BlackTeam "Düsseldorfer SK 1"]

1. e4 e5 2. Nf3 Nc6 3. d4 exd4 4. Nxd4 Nf6 5. Nxc6 bxc6 6. e5 Qe7 7. Qe2 Nd5 8.
c4 Nb6 9. Nc3 Qe6 10. Qe4 g6 11. Bd3 Bg7 12. f4 O-O 13. O-O Ba6 14. c5 Bxd3 15.
Qxd3 Nd5 16. Bd2 Rab8 17. b3 Nb4 18. Qf3 f6 19. exf6 Qxf6 20. Rac1 Qf5 21. Ne4
Nd5 22. Kh1 Nf6 23. Rc4 Nxe4 24. Qxe4 Rbe8 25. Qxf5 Rxf5 26. Re1 Rxe1+ 27. Bxe1
Rd5 28. Kg1 Rd4 29. Rxd4 Bxd4+ 30. Bf2 Bb2 31. Kf1 Kf7 32. Bh4 Ke6 33. Bd8 Ba3
34. Ke2 Bxc5 35. Bxc7 Kd5 36. Kd3 Bg1 37. h3 Bh2 38. Ke3 Bg1+ 39. Kd3 Bh2 40.
Ke3 g5 41. Kf3 Bxf4 42. Bxf4 gxf4 43. Kxf4 Kd4 44. g4 Kc3 45. h4 d5 46. g5 d4
47. h5 d3 48. g6 hxg6 49. hxg6 d2 50. g7 d1=Q 51. g8=Q Qd4+ 52. Kf3 Qd5+ 53.
Qxd5 cxd5 54. Ke2 Kb2 55. b4 Kxa2 56. b5 Kb3 57. Kd3 Kb4 58. Kd4 Kxb5 59. Kxd5
a5 60. Kd4 Kb4 0-1

[Event "Düsseldorfer SK 1 - Oberhausener SV 1"]
[Site "Oberliga NRW 2015/2016"]
[Date "2015.12.20"]
[Round "4.6"]
[White "Miedema, David"]
[Black "Ciornei, Dragos"]
[Result "1-0"]
[WhiteElo "2309"]
[BlackElo "2139"]
[PlyCount "77"]
[EventDate "2015.??.??"]
[WhiteTeam "Düsseldorfer SK 1"]
[BlackTeam "Oberhausener SV 1"]

1. d4 Nf6 2. c4 g6 3. f3 Bg7 4. e4 O-O 5. Ne2 d6 6. Be3 c5 7. d5 b5 8. cxb5 a6
9. Nec3 axb5 10. Bxb5 Ba6 11. O-O Bxb5 12. Nxb5 Ne8 13. Qd2 Nc7 14. N5a3 Nd7
15. Nc3 Qb8 16. Rac1 Qb4 17. Nab1 Rfb8 18. Rc2 Nb5 19. Nxb5 Qxb5 20. b3 Ne5 21.
h3 c4 22. Nc3 Qa6 23. Rb1 cxb3 24. axb3 Qd3 25. Qxd3 Nxd3 26. Ne2 f5 27. Rc7
fxe4 28. fxe4 Bf6 29. Bd4 Rb4 30. Bxf6 exf6 31. Rf1 Rxe4 32. Nc3 Rb4 33. Rxf6
Rf8 34. Rxd6 Rf7 35. Rd8+ Kg7 36. d6 Rxb3 37. Ne4 Rb1+ 38. Kh2 h6 39. d7 1-0

[Event "Düsseldorfer SK 1 - Oberhausener SV 1"]
[Site "Oberliga NRW 2015/2016"]
[Date "2015.12.20"]
[Round "4.7"]
[White "Nissen, Claus"]
[Black "van Assendelft, Floris"]
[Result "0-1"]
[WhiteElo "2087"]
[BlackElo "2343"]
[PlyCount "74"]
[EventDate "2015.??.??"]
[WhiteTeam "Oberhausener SV 1"]
[BlackTeam "Düsseldorfer SK 1"]

1. d4 e6 2. c4 b6 3. Nf3 Bb7 4. g3 Bb4+ 5. Bd2 Bxf3 6. exf3 Be7 7. Nc3 d5 8.
Be3 Nf6 9. Bg2 c6 10. Qe2 O-O 11. O-O Nbd7 12. Rfd1 Ne8 13. b3 Nd6 14. Bf4 Re8
15. Bh3 Nf8 16. Bxd6 Qxd6 17. f4 Bf6 18. Rac1 Rad8 19. Bg2 Qb4 20. Na4 Ng6 21.
Nb2 Qa3 22. Qc2 Ne7 23. Bh3 c5 24. cxd5 exd5 25. Nd3 Bxd4 26. Ne5 Bb2 27. Rb1
Bxe5 28. fxe5 Nc6 29. f4 Nb4 30. Qe2 Nxa2 31. Qc2 c4 32. e6 fxe6 33. bxc4 Nc3
34. Re1 Nxb1 35. Bxe6+ Rxe6 36. Rxe6 Qc5+ 37. Kg2 dxc4 0-1

[Event "Düsseldorfer SK 1 - Oberhausener SV 1"]
[Site "Oberliga NRW 2015/2016"]
[Date "2015.12.20"]
[Round "4.8"]
[White "Koch, Wolfgang Max"]
[Black "Voge, Andreas"]
[Result "1-0"]
[WhiteElo "2224"]
[BlackElo "2079"]
[Annotator "Hausrath,Daniel"]
[PlyCount "89"]
[EventDate "2015.??.??"]
[WhiteTeam "Düsseldorfer SK 1"]
[BlackTeam "Oberhausener SV 1"]

1. d4 Nf6 2. c4 g6 3. Nc3 Bg7 4. e4 d6 5. Be2 O-O 6. Bg5 h6 7. Be3 e5 8. d5 a5
9. Qd2 Kh7 10. h4 h5 11. Nf3 Na6 12. Ng5+ Kg8 13. f3 Nc5 14. O-O-O a4 15. Kb1
Bd7 16. Nb5 b6 17. Qb4 Qb8 18. Rc1 c6 19. dxc6 Bxc6 20. Rhd1 Rd8 21. Nc3 Bf8
22. Nd5 Nxd5 23. cxd5 Bd7 24. Bb5 Qb7 25. Bxd7 Qxd7 26. Nh3 Rdb8 27. Nf2 Kh7
28. g4 Be7 29. Rh1 Qa7 30. gxh5 gxh5 31. f4 Qa6 32. Qd2 Bf6 33. Qd1 Kg7 34. f5
Rh8 35. Bg5 Bxg5 36. hxg5 h4 37. Rh3 Qb5 38. Qc2 a3 39. b3 Ra4 40. Rd1 Rb4 41.
Re1 Rc8 $11 42. f6+ Kg6 43. Qd1 Rh8 44. Qf3 Qd7 45. Reh1 1-0

[Event "DJK Aufwärts Aachen 2 - SV Würselen 1"]
[Site "Oberliga NRW 2015/2016"]
[Date "2015.12.20"]
[Round "4.1"]
[White "Chatalbashev, Boris"]
[Black "Jakubiec, Artur"]
[Result "1/2-1/2"]
[WhiteElo "2550"]
[BlackElo "2520"]
[PlyCount "132"]
[EventDate "2015.??.??"]
[WhiteTeam "SV Würselen 1"]
[BlackTeam "DJK Aufwärts Aachen 2"]

1. d4 f5 2. g3 Nf6 3. Bg2 g6 4. Nh3 Bg7 5. Nf4 Nc6 6. d5 Ne5 7. Nc3 c6 8. e4
fxe4 9. Nxe4 Nxe4 10. Bxe4 Qa5+ 11. c3 cxd5 12. Qxd5 Qa6 13. a4 e6 14. Qb5 Qxb5
15. axb5 d5 16. Bg2 Bd7 17. O-O Kf7 18. Re1 Rhe8 19. Be3 Nc4 20. Nxd5 Nxe3 21.
Nxe3 Bxb5 22. Bxb7 Rab8 23. Be4 Re7 24. Red1 Rc7 25. Rd2 Bf8 26. Ng4 Bc5 27.
Kg2 Ke7 28. Ne5 Bd6 29. Nf3 Rb6 30. Re1 Kf6 31. Red1 Be7 32. Nd4 Be8 33. Ra1
Bc5 34. Nf3 Rd6 35. Rxd6 Bxd6 36. h4 Bc5 37. Nh2 Bb6 38. Ng4+ Ke7 39. Ne5 a5
40. f4 Rc8 41. Kf3 Bc7 42. Rd1 Bd6 43. Ra1 a4 44. Nd3 h6 45. Ke3 Kf6 46. Kd2
Rb8 47. Kc2 Bb5 48. Re1 Bc4 49. Ne5 Bb3+ 50. Kc1 Bxe5 51. fxe5+ Kxe5 52. Bxg6+
Kd6 53. Rf1 Rg8 54. h5 Bd5 55. g4 Ke5 56. Rf7 Bb3 57. Kd2 Bd5 58. Ke3 Rb8 59.
Rf2 a3 60. bxa3 Rb3 61. Kd2 Rxa3 62. g5 hxg5 63. h6 Ra8 64. h7 g4 65. Rf7 g3
66. Rg7 g2 1/2-1/2

[Event "DJK Aufwärts Aachen 2 - SV Würselen 1"]
[Site "Oberliga NRW 2015/2016"]
[Date "2015.12.20"]
[Round "4.2"]
[White "Braga, Fernando"]
[Black "Hovhannisyan, Mher"]
[Result "1/2-1/2"]
[WhiteElo "2368"]
[BlackElo "2475"]
[PlyCount "60"]
[EventDate "2015.??.??"]
[WhiteTeam "DJK Aufwärts Aachen 2"]
[BlackTeam "SV Würselen 1"]

1. Nf3 d5 2. c4 c6 3. e3 Nf6 4. d4 a6 5. Nbd2 Bf5 6. Be2 h6 7. O-O e6 8. b3
Nbd7 9. Bb2 Be7 10. Ne1 O-O 11. Bd3 Bd6 12. Qc2 Bxd3 13. Nxd3 Ne4 14. Nxe4 dxe4
15. Ne5 f5 16. Nxd7 Qxd7 17. f3 exf3 18. Rxf3 Qc7 19. g3 c5 20. Raf1 Rae8 21.
Qd3 g6 22. R3f2 Kh7 23. Rd1 Rf7 24. Re2 e5 25. dxe5 Bxe5 26. Bxe5 Qxe5 27. Qd5
Kg7 28. Qxe5+ Rxe5 29. Kf2 Rfe7 30. Rd6 g5 1/2-1/2

[Event "DJK Aufwärts Aachen 2 - SV Würselen 1"]
[Site "Oberliga NRW 2015/2016"]
[Date "2015.12.20"]
[Round "4.3"]
[White "Geiernaert, Steven"]
[Black "Braun, Christian"]
[Result "1-0"]
[WhiteElo "2424"]
[BlackElo "2397"]
[PlyCount "145"]
[EventDate "2015.??.??"]
[WhiteTeam "SV Würselen 1"]
[BlackTeam "DJK Aufwärts Aachen 2"]

1. d4 Nf6 2. c4 g6 3. f3 d5 4. cxd5 Nxd5 5. e4 Nb6 6. Nc3 Bg7 7. Be3 O-O 8. Qd2
Nc6 9. O-O-O f5 10. e5 Nb4 11. Nh3 Be6 12. Kb1 Qd7 13. Nf4 Rfd8 14. a3 a5 15.
d5 N4xd5 16. Ncxd5 Nxd5 17. Bc4 c6 18. Bb6 Bh6 19. Bxd8 Rxd8 20. g3 a4 21. h4
b5 22. Ba2 Bxf4 23. gxf4 h5 24. Rc1 Kf7 25. Rhd1 c5 26. Bxd5 Bxd5 27. Rxc5 Ba2+
28. Kc1 Qa7 29. Qc3 Rxd1+ 30. Kxd1 Bc4 31. Qd4 Qb7 32. Qe3 Be6 33. Ke2 Bc4+ 34.
Ke1 Be6 35. Kf2 b4 36. Kg3 bxa3 37. bxa3 Qd7 38. Qc1 Qd3 39. Rc3 Qe2 40. Qe3
Qd1 41. Rc7 Bb3 42. Rc1 Qd7 43. Rc3 Qd1 44. Qc1 Qe2 45. Re3 Qa6 46. Qd2 Qf1 47.
Re1 Qa6 48. Rc1 Be6 49. Qd4 Bb3 50. Kf2 Qb7 51. Rc3 Qb8 52. e6+ Bxe6 53. Qxa4
Qb1 54. Qd4 Qh1 55. Kg3 Qe1+ 56. Kg2 Qxh4 57. Re3 Ba2 58. Qh8 Bd5 59. Qh7+ Kf8
60. Qh6+ Kf7 61. Qg5 Qg4+ 62. Kf2 Qxg5 63. fxg5 f4 64. Re5 e6 65. Re2 Ke7 66.
a4 Kd6 67. a5 Kc7 68. Rb2 Bb7 69. Rb6 Bc8 70. Rb4 e5 71. Rb5 e4 72. fxe4 h4 73.
Rb6 1-0

[Event "DJK Aufwärts Aachen 2 - SV Würselen 1"]
[Site "Oberliga NRW 2015/2016"]
[Date "2015.12.20"]
[Round "4.4"]
[White "Roeder, Matthias"]
[Black "Docx, Stefan"]
[Result "0-1"]
[WhiteElo "2354"]
[BlackElo "2419"]
[PlyCount "48"]
[EventDate "2015.??.??"]
[WhiteTeam "DJK Aufwärts Aachen 2"]
[BlackTeam "SV Würselen 1"]

1. Nf3 c5 2. c4 Nc6 3. d4 cxd4 4. Nxd4 Nf6 5. Nc3 e6 6. a3 Be7 7. e4 O-O 8. Be2
d5 9. exd5 exd5 10. O-O Nxd4 11. Qxd4 dxc4 12. Qxc4 Be6 13. Qb5 Qc7 14. Be3 a6
15. Qb6 Qxb6 16. Bxb6 Nd5 17. Nxd5 Bxd5 18. Rfd1 Bc6 19. Rac1 Bf6 20. Bd4 Ba4
21. Rd3 Bb5 22. Rd2 Bxd4 23. Bxb5 Bf6 24. Be2 Bg5 0-1

[Event "DJK Aufwärts Aachen 2 - SV Würselen 1"]
[Site "Oberliga NRW 2015/2016"]
[Date "2015.12.20"]
[Round "4.6"]
[White "Skulener, Wladimir"]
[Black "Beukema, Stefan"]
[Result "1-0"]
[WhiteElo "2299"]
[BlackElo "2326"]
[PlyCount "73"]
[EventDate "2015.??.??"]
[WhiteTeam "DJK Aufwärts Aachen 2"]
[BlackTeam "SV Würselen 1"]

1. d4 f5 2. Nf3 Nf6 3. g3 g6 4. Bg2 Bg7 5. O-O O-O 6. b3 d6 7. Bb2 Qe8 8. c4 h6
9. Nc3 g5 10. d5 c5 11. Qc2 Qh5 12. e3 Na6 13. Rae1 Nb4 14. Qe2 f4 15. exf4 Bf5
16. Rd1 Rae8 17. a3 Nc2 18. Rd2 e5 19. dxe6 Rxe6 20. Qd1 Qg6 21. Nb5 Ne8 22.
Bxg7 Kxg7 23. g4 Bxg4 24. Qxc2 Qh5 25. Qc3+ Kh7 26. Re1 Ng7 27. h3 Bf5 28. Nxd6
gxf4 29. Nxf5 Rxe1+ 30. Nxe1 Rxf5 31. Be4 Qe8 32. Bxf5+ Nxf5 33. Nf3 Qe4 34.
Rd7+ Kg6 35. Nh4+ Nxh4 36. Qg7+ Kf5 37. Rf7+ 1-0

[Event "DJK Aufwärts Aachen 2 - SV Würselen 1"]
[Site "Oberliga NRW 2015/2016"]
[Date "2015.12.20"]
[Round "4.7"]
[White "Sarrau, Jelle"]
[Black "Buscher, Michael"]
[Result "1-0"]
[WhiteElo "2341"]
[BlackElo "2373"]
[PlyCount "39"]
[EventDate "2015.??.??"]
[WhiteTeam "SV Würselen 1"]
[BlackTeam "DJK Aufwärts Aachen 2"]

1. d4 Nf6 2. c4 e6 3. Nc3 Bb4 4. Qc2 O-O 5. Nf3 b6 6. e4 d5 7. e5 Ne4 8. Bd3 f5
9. exf6 Nxf6 10. O-O c6 11. Re1 Re8 12. Bg5 h6 13. Bh4 g5 14. Bg3 Bf8 15. h4 g4
16. Ne5 Bg7 17. Ne2 Bb7 18. Nf4 Nbd7 19. Bg6 Re7 20. Nxe6 1-0

[Event "DJK Aufwärts Aachen 2 - SV Würselen 1"]
[Site "Oberliga NRW 2015/2016"]
[Date "2015.12.20"]
[Round "4.8"]
[White "Marcziter, Dmitrii"]
[Black "Hamblok, Roel"]
[Result "1/2-1/2"]
[WhiteElo "2226"]
[BlackElo "2271"]
[PlyCount "38"]
[EventDate "2015.??.??"]
[WhiteTeam "DJK Aufwärts Aachen 2"]
[BlackTeam "SV Würselen 1"]

1. d4 f5 2. g3 Nf6 3. Bg2 e6 4. Nf3 Be7 5. O-O O-O 6. c4 d6 7. b4 Ne4 8. Bb2 a5
9. b5 a4 10. a3 c6 11. Nc3 Nxc3 12. Bxc3 cxb5 13. cxb5 Nd7 14. Nd2 Nb6 15. e4
f4 16. Qe2 Bd7 17. Rfc1 Qe8 18. Bh3 Kh8 19. Rab1 Qf7 1/2-1/2

[Event "SG Porz 2 - SV Letmathe 1"]
[Site "Oberliga NRW 2015/2016"]
[Date "2015.12.20"]
[Round "4.1"]
[White "Podzielny, Karl-Heinz"]
[Black "Malykin, Vitaly"]
[Result "1-0"]
[WhiteElo "2320"]
[BlackElo "2365"]
[PlyCount "119"]
[EventDate "2015.??.??"]
[WhiteTeam "SV Letmathe 1"]
[BlackTeam "SG Porz 2"]

1. Nf3 d5 2. c4 c6 3. b3 Nf6 4. Bb2 Bf5 5. g3 e6 6. Bg2 Bd6 7. O-O Nbd7 8. d3
O-O 9. Nbd2 Qe7 10. a3 Bg6 11. Re1 e5 12. Nh4 Rad8 13. Qc2 Rfe8 14. b4 e4 15.
Nxg6 hxg6 16. dxe4 dxe4 17. e3 c5 18. Red1 Be5 19. Bxe5 Qxe5 20. Rab1 Qf5 21.
h3 b6 22. g4 Qe5 23. Qa4 cxb4 24. axb4 a5 25. Qb5 g5 26. bxa5 bxa5 27. Nb3 Qc7
28. Qxg5 Re5 29. Qf4 Qxc4 30. Qxe5 Nxe5 31. Rxd8+ Kh7 32. g5 Qc2 33. Nd2 Nf3+
34. Bxf3 exf3 35. gxf6 Qg6+ 36. Kf1 Qxf6 37. Rd4 Qa6+ 38. Nc4 Qh6 39. Nd2 Qxh3+
40. Ke1 Qh1+ 41. Nf1 Qh5 42. Ng3 Qe5 43. Kd2 g6 44. Rb7 Qe6 45. Ne4 Qa2+ 46.
Kc3 Qa3+ 47. Kc4 Kh6 48. Nc3 Qf8 49. Rdd7 f5 50. Nd5 Qa3 51. Nf4 Qa2+ 52. Kb5
Qb3+ 53. Kc5 Qc3+ 54. Kd6 Qf6+ 55. Kd5 Qc3 56. Rh7+ Kg5 57. Rb6 Qd2+ 58. Kc4
Qa2+ 59. Kb5 Qb3+ 60. Ka6 1-0

[Event "SG Porz 2 - SV Letmathe 1"]
[Site "Oberliga NRW 2015/2016"]
[Date "2015.12.20"]
[Round "4.2"]
[White "Korotkjevich, Stanislav"]
[Black "Adamski, Jan"]
[Result "1/2-1/2"]
[WhiteElo "2333"]
[BlackElo "2267"]
[PlyCount "50"]
[EventDate "2015.??.??"]
[WhiteTeam "SG Porz 2"]
[BlackTeam "SV Letmathe 1"]

1. Nf3 Nf6 2. c4 e6 3. Nc3 c5 4. e3 b6 5. Be2 Bb7 6. O-O Be7 7. d4 cxd4 8. exd4
d5 9. cxd5 Nxd5 10. Bb5+ Bc6 11. Bd3 Nd7 12. Be3 O-O 13. Rc1 Bb7 14. Qe2 Nb4
15. Bc4 Nf6 16. Ne5 Rc8 17. a3 Nbd5 18. Nxd5 Nxd5 19. Ba6 Rxc1 20. Rxc1 Qa8 21.
Bxb7 Qxb7 22. Qb5 Bd6 23. Nc4 Qb8 24. Nxd6 Qxd6 25. Qa4 Qb8 1/2-1/2

[Event "SG Porz 2 - SV Letmathe 1"]
[Site "Oberliga NRW 2015/2016"]
[Date "2015.12.20"]
[Round "4.3"]
[White "Schleining, Zoya"]
[Black "Pauly, Carlo"]
[Result "1/2-1/2"]
[WhiteElo "2286"]
[BlackElo "2239"]
[PlyCount "98"]
[EventDate "2015.??.??"]
[WhiteTeam "SV Letmathe 1"]
[BlackTeam "SG Porz 2"]

1. c4 Nf6 2. g3 g6 3. Bg2 Bg7 4. Nc3 O-O 5. d4 d6 6. h3 Nc6 7. e3 Bd7 8. Nge2
Qc8 9. b3 e5 10. Bb2 exd4 11. exd4 Re8 12. Qd2 a5 13. Kf1 Bf5 14. g4 Bd7 15.
Ng3 h6 16. Bf3 Nh7 17. Bxc6 bxc6 18. Kg2 Qd8 19. d5 Qh4 20. Nce4 Bxb2 21. Qxb2
f5 22. Nd2 f4 23. Nge4 Bxg4 24. hxg4 Qxg4+ 25. Kf1 f3 26. Rg1 Qf5 27. Rg3 Rxe4
28. Nxe4 Qxe4 29. Re1 Qd3+ 30. Kg1 Rf8 31. dxc6 Rf4 32. Qc1 Qf5 33. Qe3 Nf8 34.
Qd2 Qf6 35. Re3 Ne6 36. Rxe6 Qxe6 37. Qxf4 Qe1+ 38. Kh2 Qxf2+ 39. Kh3 Qf1+ 40.
Kg4 f2 41. Qf3 Qe1 42. Qd5+ Kh8 43. Rf3 f1=Q 44. Rxf1 Qxf1 45. Qxa5 Qg2+ 46.
Kf4 Qxc6 47. Qc3+ Kh7 48. Qf6 Qd7 49. a4 h5 1/2-1/2